Economic theory and method

Saved in:
Bibliographic Details
Main Author: Zeuthen, F (Author)
Format: Book
Language:English
Published: Londres Longmans 1955
Subjects:
Tags: Add Tag
No Tags, Be the first to tag this record!

MARC

LEADER 00000nam a2200000 a 4500
001 UCR7599
003 CL-VaPUC
008 980519e19550000UK |||||||||||||||||eng|d
082 0 4 |a 330.1  |b ZEU  |2 21 
100 0 |a Zeuthen, F  |e author  |9 408913 
245 1 0 |a Economic theory and method 
300 |a 364 p 
942 |c BK 
945 |d 19980519 00:00:00  |a crobeson 
260 |a Londres  |b Longmans  |c 1955 
650 0 |a Economía   |9 255568 
650 0 |a Teoría económica  |9 315055 
650 0 |a Metodología   |9 256610 
650 7 |a SISTEMAS ECONOMICOS  |2 CL-VaPUC  |9 408914 
650 0 |a Dinámica  |9 260136 
650 0 |a Mercado  |9 321497 
583 |a last modification  |c 19980519 00:00:00  |k Rodrigo Vera 
999 |c 269190  |d 269188